Central Library OPAC University of Rajshahi

Thoughts on Islamic economics : (Record no. 2448)

MARC details
000 -LEADER
fixed length control field 01000cam a2200253 a 4500
001 - CONTROL NUMBER
control field 2448
003 - CONTROL NUMBER IDENTIFIER
rucl marc code BD-RjUL
005 - DATE AND TIME OF LATEST TRANSACTION
control field 20211208233544.0
008 - FIXED-LENGTH DATA ELEMENTS--GENERAL INFORMATION
fixed length control field 131211s1980 bg af b 100 0 eng
035 ## - SYSTEM CONTROL NUMBER
System control number (BD-RjUL)2475
040 ## - CATALOGING SOURCE
Original cataloging agency DLC
Transcribing agency DLC
Modifying agency DLC
-- (BD-RjUL)
Language of cataloging eng
041 ## - LANGUAGE CODE
Language code of text/sound track or separate title eng
082 00 - DEWEY DECIMAL CLASSIFICATION NUMBER
Classification number 297.19785
Edition number 19
111 2# - MAIN ENTRY--MEETING NAME
Meeting name or jurisdiction name as entry element Seminar on Islamic Economics
Date of meeting (1979 :
Location of meeting Dhaka, Bangladesh)
9 (RLIN) 7940
245 10 - TITLE STATEMENT
Title Thoughts on Islamic economics :
Remainder of title articles presented at the Seminar on Islamic Economics held under the auspices of Islamic Economics Research Bureau on July 3, 4 & 5, 1979 at Teachers' Students' Centre, University of Dacca & at Bangladesh Atomic Energy Centre Auditorium /
250 ## - EDITION STATEMENT
Edition statement 1st ed.
260 ## - PUBLICATION, DISTRIBUTION, ETC. (IMPRINT)
Place of publication, distribution, etc. Dacca :
Name of publisher, distributor, etc. The Bureau,
Date of publication, distribution, etc. 1980.
300 ## - PHYSICAL DESCRIPTION
Pagination xvi, 346 p., [1] leaf of plates :
Illustrations ill. ;
Size 23 cm.
504 ## - BIBLIOGRAPHY, ETC. NOTE
Bibliography, etc Includes bibliographical references.
650 #0 - SUBJECT ADDED ENTRY--TOPICAL TERM
Topical term or geographic name as entry element Islam
General subdivision Economic aspects
-- Congresses.
9 (RLIN) 7931
942 ## - ADDED ENTRY ELEMENTS (KOHA)
Source of classification or shelving scheme Dewey Decimal Classification
Koha item type Books
Holdings
Lost status Source of classification or shelving scheme Damaged status Not for loan Collection code Permanent Location Current Location Shelving location Date acquired Source of acquisition Total Checkouts Full call number Date last seen Copy number Koha item type Cost, normal purchase price Date checked out
  Dewey Decimal Classification   Not For Loan Non-fiction Central Library, University of Rajshahi Central Library, University of Rajshahi Reading Room 29/11/1980 Duke Edin Throgh Rigional R.U Gift   297.19785 THO 1980 11/12/2013 C-1 Books    
  Dewey Decimal Classification     Non-fiction Central Library, University of Rajshahi Central Library, University of Rajshahi   09/04/1984 Duke Edin Throgh Rigional R.U Gift   297.19785 THO 1980 11/12/2013 C-5 Books    
  Dewey Decimal Classification     Non-fiction Central Library, University of Rajshahi Central Library, University of Rajshahi   01/06/1982 Islamic sahitto bitan   297.19785 THO 1980 15/06/2016 C-2 Books 50.00  
  Dewey Decimal Classification     Non-fiction Central Library, University of Rajshahi Central Library, University of Rajshahi   01/06/1982 Islamic sahitto bitan   297.19785 THO 1980 04/09/2016 C-3 Books 50.00  
  Dewey Decimal Classification     Non-fiction Central Library, University of Rajshahi Central Library, University of Rajshahi   01/06/1982 Zeitlinger 1 297.19785 THO 1980 26/10/2021 C-4 Books 50.00 12/03/2020